书目信息 |
| 题名: |
微行为心理学
|
|
| 作者: | 张卉妍 编著 | |
| 分册: | ||
| 出版信息: | 长春 吉林文史出版社 2018 |
|
| 页数: | 10,243页 | |
| 开本: | 21cm | |
| 丛书名: | ||
| 单 册: | ||
| 中图分类: | B84-063 | |
| 科图分类: | ||
| 主题词: | 行为主义--心理学--通俗读物 | |
| 电子资源: | ||
| ISBN: | 978-7-5472-4868-3 | |
| 000 | 00863nam0 2200229 450 | |
| 001 | 0104612958 | |
| 005 | 20181109103002.0 | |
| 010 | @a978-7-5472-4868-3@dCNY32.00 | |
| 100 | @a20181027d2018 em y0chiy0120 ea | |
| 101 | 0 | @achi |
| 102 | @aCN@b220000 | |
| 105 | @aa z 000yy | |
| 106 | @ar | |
| 200 | 1 | @a微行为心理学@9Wei Xing;Hang;Heng Wei Xin Li Xue @f张卉妍编著@b专著 |
| 210 | @a长春@c吉林文史出版社@d2018 | |
| 215 | @a10,243页@c彩图@d21cm | |
| 330 | @a本书从身体小动作、个人小习惯等方面入手,选取了日常生活中较为常见,也是比较容易被忽视的微小动作,通过语言和插图进行剖析,旨在让读者看清他人微动作的同时了解自己的行为习惯,轻轻松松做到知人知面又知心,掌握人际交往的主控权。 | |
| 606 | 0 | @a行为主义@x心理学@j通俗读物 |
| 690 | @aB84-063@v5 | |
| 701 | 0 | @a张卉妍@4编著@9zhang hui yan |
| 801 | 0 | @aCN@bAZmarc@c20230905 |
| 905 | @aBZT@dB84@e309@f6@sB84/309 | |
| 微行为心理学/张卉妍编著.-长春:吉林文史出版社,2018 |
| 10,243页:彩图;21cm |
| ISBN 978-7-5472-4868-3:CNY32.00 |
| 本书从身体小动作、个人小习惯等方面入手,选取了日常生活中较为常见,也是比较容易被忽视的微小动作,通过语言和插图进行剖析,旨在让读者看清他人微动作的同时了解自己的行为习惯,轻轻松松做到知人知面又知心,掌握人际交往的主控权。 |
| ● |
| 相关链接 |
|
|
|
正题名:微行为心理学
索取号:B84/309
 
预约/预借
| 序号 | 登录号 | 条形码 | 馆藏地/架位号 | 状态 | 备注 |
| 1 | 2000153466 | 2000153466 | 旧书回溯/ [索取号:B84/309] | 在馆 | |
| 2 | 2000153535 | 2000153535 | 旧书回溯/ [索取号:B84/309] | 在馆 | |
| 3 | 2000153787 | 2000153787 | 旧书回溯/ [索取号:B84/309] | 在馆 | |
| 4 | 2000154483 | 2000154483 | 旧书回溯/ [索取号:B84/309] | 在馆 | |
| 5 | 2000154930 | 2000154930 | 旧书回溯/ [索取号:B84/309] | 在馆 | |
| 6 | 2000155034 | 2000155034 | 旧书回溯/ [索取号:B84/309] | 在馆 |